Cartas espirituales de S. Francisco de Sales, ... Traducidas del idioma frances al castellano ... por ... D. Francisco de Cubillas Donyague ... Primera -[segunda parte] (Record n. 37425)

Dettagli MARC
000 -LEADER
fixed length control field 00981nam a2200253 i 4500
003 - CONTROL NUMBER IDENTIFIER
control field IT-RoINE
008 - FIXED-LENGTH DATA ELEMENTS--GENERAL INFORMATION
fixed length control field 230913s1741 sp ||||| |||| 00| | spa d
026 ## - FINGERPRINT IDENTIFIER
First and second groups of characters m-o, o.i-
Third and fourth groups of characters ona, ense (3)
Date 1741 (A)
Number of volume or part t. 2
040 ## - CATALOGING SOURCE
Original cataloging agency IT-RoINE
Modifying agency IT-RoINE
041 1# - LANGUAGE CODE
Language code of text/sound track or separate title spa
Language code of original and/or intermediate translations of text fre
100 0# - MAIN ENTRY--PERSONAL NAME
9 (RLIN) 1594
Personal name Francisco de Sales,
Titles and other words associated with a name Santo,
Dates associated with a name 1567-1622
245 10 - TITLE STATEMENT
Title Cartas espirituales de S. Francisco de Sales, ... Traducidas del idioma frances al castellano ... por ... D. Francisco de Cubillas Donyague ... Primera -[segunda parte]
260 ## - PUBLICATION, DISTRIBUTION, ETC. (IMPRINT)
Place of publication, distribution, etc En Madrid :
Name of publisher, distributor, etc Imprenta del Convento de la Merced,
Date of publication, distribution, etc 1741.
300 ## - PHYSICAL DESCRIPTION
Extent 2 v. ;
Dimensions
336 ## - CONTENT TYPE
Source rdacontent
Content type term text
337 ## - MEDIA TYPE
Source rdamedia
Media type term unmediated
338 ## - CARRIER TYPE
Source rdacarrier
Carrier type term volume
597 ## - LOCAL NOTE (RLIN)--PHYSICAL DESCRIPTION
Physical description note Sign. T. 2: A4, B-2E8,2F4.
597 ## - LOCAL NOTE (RLIN)--PHYSICAL DESCRIPTION
Physical description note Iniciales grabadas
700 1# - ADDED ENTRY--PERSONAL NAME
9 (RLIN) 72160
Personal name Cubillas Donyague, Francisco de‏
710 2# - ADDED ENTRY--CORPORATE NAME
9 (RLIN) 72161
Corporate name or jurisdiction name as entry element Imprenta del Convento de la Merced (Madrid, España)
Relator term impresor
752 ## - ADDED ENTRY--HIERARCHICAL PLACE NAME
Country or larger entity España,
City Madrid
942 ## - ADDED ENTRY ELEMENTS (KOHA)
Source of classification or shelving scheme Iglesia Nacional Española en Roma
Item type Libro antiguo
Dati di copia
Withdrawn status Lost status Source of classification or shelving scheme Damaged status Not for loan Home library Current library Date acquired Full call number Barcode Date last seen Price effective from Koha item type Public note
    Iglesia Nacional Española en Roma     Iglesia Nacional Española en Roma Iglesia Nacional Española en Roma 13/09/2023 ANT.TER 95.2 65483 13/09/2023 13/09/2023 Libro antiguo T. 2: Segunda parte. - Donación de la Casa Generalicia de la Compañía de Santa Teresa de Jesús en Roma el día 20 de marzo de 2023. - Cubierta en pergamino.